Anatomie du cœur : Veines du coeur - Statistiques

Statistiques générales
  • Ce quiz a été pris 11 fois
  • Le résultat moyen est 2 sur 6
Statistiques - réponses
Par images Réponse % Correct
Sinus coronaire
80%
Veine interventriculaire antérieure
40%
Veines atriales droites
40%
Veine moyenne du coeur (ou interventriculaire postérieure)
20%
Petite veine du coeur
0%
Veine marginale gauche
0%
Aucun quiz correspondant
Distribution des résultats
% des personnes avec chaque résultat
Percentile par nombre de réponses
Votre historique - résultats
Vous n’avez pas pris ce quiz